| 000 | 00375 a2200097 4500 | ||
|---|---|---|---|
| 245 | 0 | 0 |
_aLampy elektronowe małej mocy - Lampy prostownicze próżniowe Metody ogólnych badań elektrycznych PN-67/T-04804 / _cMin. Przem. Ciężkiego. |
| 246 | 1 | 3 | _aPN-67/T-04804 |
| 246 | 1 | 3 | _a621.385:621.3.086 |
| 260 |
_aWarszawa : _bMin. Przem. Ciężkiego, _c1967. |
||
| 300 |
_a3 stron ; _c30 cm. |
||
| 650 | _aPolska norma | ||
| 999 |
_c20998 _d20998 |
||